000 00995nam a22002777a 4500
005 20240530111000.0
008 160209s2009 ua a g b 000 0 ara d
020 _a9774274067
040 _aEG-CaGPL
082 0 4 _221
_a370.7 /
_bش ت
100 _aشبل بدران
245 0 2 _aالتربية المدنية :
_bالتعليم والمواطنة وحقوق الانسان /
_cتاليف شبل بدران ؛ تقديم حامد عمار
250 _aط1.
260 _aالقاهرة :
_bالدار المصرية اللبنانية،
_c2009 .
300 _a232 ص ؛
_c24 سم .
490 _aافاق تربوية متجددة
650 0 4 _aالتربية الوطنية .
650 0 4 _aالمواطنة .
650 0 4 _aالتعليم
650 0 4 _aحقوق الانسان
650 0 4 _aحقوق الطفل
653 _aالتسرب الدراسى
700 0 _aحامد عمار
_eمقدم .
942 _2ddc
_cBK
999 _c67165
_d67165